Who Wants to Be a Millionaire? Quiz Stats

 Plays Quiz not verified by Sporcle

Score 0/15 Timer 04:00
6 Plays Today
Question Answer Wrong Answers
$100
In the 'Road Runner and Coyote' cartoons, what famous sound does the Road Runner make?
???
100%
???
0%
???
0%
???
0%
$200
Where should choking victims place their hands to indicate to others that they need help?
???
95.8%
???
1.1%
???
1.8%
???
1.2%
$300
Which of these dance names is used to describe a fashionable dot?
???
90.9%
???
1.1%
???
2%
???
1.7%
$500
In what 'language' would you say 'ello-hay' to greet your friends?
???
79.6%
???
4.6%
???
3.6%
???
2.9%
$1,000
What part of a chicken is commonly called the 'drumstick'?
???
76.5%
???
0.4%
???
2.3%
???
0.4%
$2,000
What is the only position on a football team that can be 'sacked'?
???
68%
???
2.3%
???
3.5%
???
2.5%
$4,000
What god of love is often depicted as a chubby winged infant with a bow and arrow?
???
67.4%
???
0.2%
???
0.2%
???
0.2%
$8,000
What Steven Spielberg film climaxes at a place called the Devil's Tower?
???
48.7%
???
3%
???
2.8%
???
12.8%
$16,000
In what U.S. town did the famous 1881 shoot-out at the O.K. Corral take place?
???
34.2%
???
2.2%
???
6.6%
???
5.5%
$32,000
Which of the following months has no U.S. federal holiday?
???
28.3%
???
2.9%
???
2%
???
0.9%
$64,000
What mythological beast is reborn from its own ashes?
???
27.4%
???
0.4%
???
0.2%
???
0.3%
$125,000
Who developed the first effective vaccine against polio?
???
19.7%
???
2.2%
???
2.1%
???
3.3%
$250,000
Which of the following is not a monotheistic religion?
???
17.7%
???
0.6%
???
0.6%
???
0.7%
$500,000
What architect designed the glass pyramid in the courtyard of the Louvre?
???
11.4%
???
1%
???
2.8%
???
2.4%
$1,000,000
Which of these U.S. Presidents appeared on the television series 'Laugh-In'?
???
8.5%
???
0.6%
???
1.3%
???
0.9%

You're not logged in!

Compare scores with friends on all Sporcle quizzes.
OR
Log In

You Might Also Like...

Show Comments

Extras

Top Quizzes Today


Score Distribution

Your Account Isn't Verified!

In order to create a playlist on Sporcle, you need to verify the email address you used during registration. Go to your Sporcle Settings to finish the process.

Report this User

Report this user for behavior that violates our Community Guidelines.

Details: